| 000 | 01076cam a2200325 i 4500 | ||
|---|---|---|---|
| 001 | 017028896 | ||
| 003 | EG-ScBUE | ||
| 005 | 20230527105230.0 | ||
| 008 | 150120s2015 maua f 001 0 eng d | ||
| 020 | _z9780415719407 | ||
| 040 |
_aStDuBDS _beng _erda _cStDuBDS _dEG-ScBUE |
||
| 082 | 0 | 4 |
_a778.72 _222 _bHUN |
| 100 | 1 |
_aHunter, Fil, _eauthor. _938281 |
|
| 245 | 1 | 0 |
_aLight : _bscience & magic : an introduction to photographic lighting / _cFil Hunter, Steven Biver, Paul Fuqua. |
| 250 | _aFifth edition. | ||
| 264 | 1 |
_aBurlington, MA ; _aAbingdon, Oxon : _bFocal Press, _c2015. |
|
| 300 |
_axvii, 382 pages : _billustrations ; _c24 cm |
||
| 336 |
_2rdacontent _atext _btxt |
||
| 337 |
_2rdamedia _aunmediated _bn |
||
| 338 |
_2rdacarrier _avolume _bnc |
||
| 500 | _aPrevious edition: 2012. | ||
| 500 | _aIncludes index. | ||
| 650 | 7 |
_aPhotography _xLighting. _2BUEsh |
|
| 653 |
_bCOMAME _cNovember2016 |
||
| 655 | _vReading book | ||
| 700 | 1 |
_aBiver, Steven, _eauthor. |
|
| 700 | 1 |
_aFuqua, Paul, _eauthor. |
|
| 776 | 0 | 8 |
_iPrint version _z9780415719414 |
| 942 |
_2ddc _cBB |
||
| 999 |
_c23120 _d23092 |
||